000 02634cam a22005654i 4500
003 PE-LiUPU
005 20250731173530.0
008 150616s1995 miu r 000 0 eng d
020 _a0802808263
035 _a(Sirsi) i9780802808264
040 _aPE-LiUPU
_bspa
_cPE-LiUPU
_erda
049 _aPRUA
082 0 4 _a270.072
_bB81
_221
100 1 _aBradley, James E.,
_eautor.
245 1 0 _aChurch History :
_ban introduction to research, reference works, and methods /
_cJames E. Bradley y Richard A. Muller.
264 1 _aMichigan :
_bW. B. Eerdmans Publishing Co.,
_c1995.
300 _a236 páginas ;
_c23 centímetros
336 _atext
_2rdacontent
337 _aunmediated
_2rdamedia
338 _avolume
_2rdacarrier
500 _aIncluye bibliografía.
505 0 _aIntroduction to Church history and related disciplines -- Perspectives and meaning in history -- The initial stages of research and the use of bibliographic and reference sources -- Research in primary source and the use of text databases and materials in microform -- The practice of research and the craft of writing.
526 _aSEG42
526 _aSEG41
526 _aSEG40
526 _aSEG39
526 _aP94
526 _aP87
526 _aP86
526 _aP85
526 _aP77
526 _aP76
526 _aP35
650 0 4 _aIGLESIA
_xHISTORIA
_vBIBLIOGRAFIA.
650 0 4 _aIGLESIA
_xHISTORIA
_xENSEÑANZA.
700 1 _aMuller A., Richard,
_eautor.
910 _ajck
_bjvq
_cjck
942 _2ddc
_cBOOK
949 _a270.072 B81
_wDEWEY
_c1
_i54268
_lCCODEBUL1
_mBUL
_p16.00
_r0
_sY
_tBOOK
_u2015-6-16
_xTEOLOGIA
_zUNKNOWN
_0COMPRA
_o.STAFF. Colección Teología
949 _a270.072 B81
_wDEWEY
_c2
_i54693
_lCCODEBUL1
_mBUL
_r0
_sY
_tBOOK
_u2015-4-23
_xTEOLOGIA
_zUNKNOWN
_0COMPRA
_o.STAFF. Colección Teología
949 _a270.072 B81
_wDEWEY
_c3
_i40453
_lCCODEBUL1
_mBUL
_r0
_sY
_tBOOK
_u2015-4-23
_xTEOLOGIA
_zUNKNOWN
_0COMPRA
_o.STAFF. Colección Teología
994 _aC0
_bPEPRU
596 _a1
999 _a270.072 B81
_wDEWEY
_c60082
_i54268
_f2021-11-11
_g5
_lCCODEBUL1
_mBUL
_p16.00
_r0
_sY
_tBOOK
_u2015-6-16
_xTEOLOGIA
_PP35
_0COMPRA
_o.STAFF. Colección Teología
_d60082
999 _a270.072 B81
_wDEWEY
_c2
_i54693
_f2021-11-12
_g5
_lCCODEBUL1
_mBUL
_r0
_sY
_tBOOK
_u2015-4-23
_xTEOLOGIA
_PP35
_0COMPRA
_o.STAFF. Colección Teología
999 _a270.072 B81
_wDEWEY
_c3
_i40453
_f2021-11-12
_g5
_lCCODEBUL1
_mBUL
_p16.00
_r0
_sY
_tBOOK
_u2015-4-23
_xTEOLOGIA
_PP35
_0COMPRA
_o.STAFF. Colección Teología
980 _81
_gALBERTO SANCHEZ Responsable de Automatización